Parts of the Oration Quiz Stats

 Plays Quiz not verified by Sporcle

Score 0/6 Timer 10:00
0 Plays Today
Description Part of Oration % Correct
IntroductionExordium
80%
RebuttalRefutatio
80%
Stating the facts of the caseNarratio
66.7%
ConclusionPeroratio
66.7%
Outlining key pointsDivisio
46.7%
Argument appealing to logosConfirmatio
46.7%

You're not logged in!

Compare scores with friends on all Sporcle quizzes.
OR
Log In

Show Comments

Extras

Created Apr 11, 2012ReportNominate
Tags:Latin Quiz, oration, six, speech

Top Quizzes Today


Score Distribution

Your Account Isn't Verified!

In order to create a playlist on Sporcle, you need to verify the email address you used during registration. Go to your Sporcle Settings to finish the process.

Report this User

Report this user for behavior that violates our Community Guidelines.

Details: